000 00870cam a2200277 4500
008 090401t1998 xxu||||| |||| 00| 0 eng d
020 _a2884320156
035 _a(Sirsi) u88440
041 _aeng
050 _a624.08
110 _aFederation Internationale des Ingenieurs-Conseils
_9764
245 4 _aThe short form of contract : agreement, general conditions, rules for adjudication, notes for guidance.
250 _aTest ed.
260 _aLausanne, Switzerland
_bFIDIC
_c1998
300 _avi,34p. ; 30cm.
350 _a16.95
520 _aTest edition 1998.
650 _aADJUDICATION RULES
650 _aBUILT ENVIRONMENT-BUILDING CONTRACT FORMS
650 _aDISPUTE RESOLUTION
_96236
650 _aENGINEERING CONTRACTS
650 _aSHORTER FORMS
690 _aBUILT ENVIRONMENT-BUILDING CONTRACT FORMS
942 _n0
948 _c11/09/1998
999 _c97350
_d97350